000 00347nam a2200157Ia 4500
100 _aSilberschatz/ A/ Galvin
250 _a4
942 _cBK
654 _aOperating System
245 _aOperating Systems Concepts
260 _bAddison Wesley Pub
_aReading
_c1994
082 _a5.43
_bSIL
300 _a780
546 _aENGLISH
999 _c27687
_d27687